Etnomusicología redefinida : traducciones para el siglo XXI /

Bibliographic Details
Other Authors: Rekedal, Jacob (Editor)
Format: Electronic eBook
Language:Spanish
Published: Santiago de Chile : uah/Ediciones Universidad Alberto Hurtado, [2022]
Series:Música (Ediciones Universidad Alberto Hurtado). Ensayos.
Subjects:
Online Access:Digitalia Hispánica

MARC

LEADER 00000nam a2200000Ii 4500
001 DIGUAH0173
003 NyNyDIG
007 cr |||||||||||
008 230405s2022 cl a ob 000 0 spa d
006 m o d
020 |a 9789563573404  |q digital 
020 |z 9789563573398  |q impreso 
035 |a (OCoLC)1377521987 
040 |a DGITA  |b eng  |e rda  |e pn  |c DGITA 
043 |a s-cl--- 
050 1 4 |a ML3799 ebook 
245 0 0 |a Etnomusicología redefinida :  |b traducciones para el siglo XXI /  |c Jacob Rekedal, editor y compilador. 
264 1 |a Santiago de Chile :  |b uah/Ediciones Universidad Alberto Hurtado,  |c [2022] 
300 |a 1 online resource :  |b illustrations. 
336 |a text  |b txt  |2 rdacontent 
337 |a computer  |b c  |2 rdamedia 
338 |a online resource  |b cr  |2 rdacarrier 
347 |a text file  |2 rdaft 
347 |b EPUB 
490 1 |a Música.  |a Ensayos 
504 |a Includes bibliographical references. 
588 0 |a Online resource; title from ePub title page (Digitalia, viewed April 5, 2023) 
650 0 |a Ethnomusicology  |z Chile. 
650 0 |a Translations  |y 21st century. 
700 1 |a Rekedal, Jacob,  |e editor. 
791 2 |a Digitalia (Firm),  |e distributor. 
793 0 |g Digitalia eBook Collection:  |a Ediciones Universidad Alberto Hurtado 
776 0 8 |i Print version:  |t Etnomusicología redefinida.  |b Primera edición.  |d Santiago de Chile : uah/Ediciones Universidad Alberto Hurtado, [2022]  |z 9789563573398 
830 0 |a Música (Ediciones Universidad Alberto Hurtado).  |p Ensayos. 
856 4 0 |3 Digitalia Hispánica  |u https://www.digitaliapublishing.com/a/125332/ 
910 |a Premium collection: 2023